An action research study in an Arab context of the application of social constructivism and information communications technology in supporting the learning of pre-service teachers on a technology of education course /
Saved in:
| Main Author: | |
|---|---|
| Format: | Thesis |
| Language: | English |
| Published: |
Exeter, England :
University of Exeter,
2003
|
| Subjects: | |
| Tags: |
Add Tag
No Tags, Be the first to tag this record!
|
| LEADER | 013250000a22002650004500 | ||
|---|---|---|---|
| 008 | 120307s2003 xxka g 000 0 eng d | ||
| 040 | |a UIAM |b eng | ||
| 050 | 0 | 0 | |a LB2157.A3 |
| 100 | 1 | |a Ali, Ali Zuhdi Hassan | |
| 245 | 1 | 3 | |a An action research study in an Arab context of the application of social constructivism and information communications technology in supporting the learning of pre-service teachers on a technology of education course / |c by Ali Zuhdi Hassan Ali |
| 260 | |a Exeter, England : |b University of Exeter, |c 2003 | ||
| 300 | |a 277 p. : |b ill. ; |c 30 cm. | ||
| 500 | |a "A dissertation submitted to the School of education and Lifelong learning in partial fulfilment of the requirements for the degree of Doctor of Philosophy."--On t. p. | ||
| 502 | |a Thesis (Ph. D.)--University of Exeter, 2003 | ||
| 504 | |a Includes bibliographical references (p. 257-277). | ||
| 596 | |a 1 | ||
| 650 | 0 | |a Student teachers | |
| 650 | 0 | |a Teachers |x Training of | |
| 650 | 0 | |a Constructivism (Education) | |
| 650 | 0 | |a Educational innovations | |
| 655 | 0 | 7 | |a Theses, Facsimile edition (Islamic) |
| 710 | 2 | |a University of Exeter | |
| 900 | |a a jt | ||
| 999 | |c 433293 |d 464288 | ||
| 952 | |0 0 |6 TI LB 2157 A3 A398A 2003 |7 0 |8 THESES |9 754176 |a IIUM |b IIUM |c MULTIMEDIA |g 640.00 |o ti LB 2157 A3 A398A 2003 |p 00011204307 |r 2017-10-23 |t 1 |v 640.00 |y THESIS | ||
